000 00585nam a2200229Ia 4500
003 OSt
005 20220930185900.0
006 a|||||r|||| 00| 0
007 ta
008 220926b |||||||| |||| 00| 0 eng d
024 _a90684
037 _cTextbook
040 _aCRL
_cCRL
_beng
041 _2eng
_aeng
082 _a/\, L3
100 _aShankaranarayanan S.
_9558364
245 0 _aSri Chakra
260 _aPondicherry
_bDipit Publications India
_c1973
300 _a111p.
_ccm.
942 _h/\, L3
_cTB
_2CC
999 _c891139
_d891139